000 00698cam a22002413a 4500
001 407
003 PGUSA
005 20140828082948.0
008 960101s1996||||xxu|||||s|||||000 1 eng d
040 _aPGUSA
_beng
042 _adc
050 4 _aPS
100 1 _aDavis, Richard Harding,
_d1864-1916
245 1 4 _aThe Reporter Who Made Himself King
_h[electronic resource] /
_cRichard Harding Davis
260 _bProject Gutenberg,
_c1996
506 _aPublic domain in the USA.
516 _aElectronic text
653 _aShort stories
653 _aJournalists -- 19th century -- Fiction
830 0 _aProject Gutenberg
_v407
856 4 0 _uhttp://www.gutenberg.org/ebooks/407
942 _cEB
999 _c229758
_d229758